Jigs, tools and fixtures, (Record no. 546047)
[ view plain ]
| 000 -LEADER | |
|---|---|
| fixed length control field | 00707cam a22001811 4500 |
| 082 ## - DEWEY DECIMAL CLASSIFICATION NUMBER | |
| Classification number | 621.71 |
| Author Mark | GAT |
| -- | 40898 |
| 100 1# - MAIN ENTRY--PERSONAL NAME | |
| Personal name | Gates, Philip, |
| 9 (RLIN) | 42052 |
| 245 00 - TITLE STATEMENT | |
| Title | Jigs, tools and fixtures, |
| Remainder of title | covering the drawing and design of equipment for practically all modern machine tools, |
| Statement of responsibility, etc. | with chapters on special equipment and drawing office procedure, also giving numerous examples from practice. |
| 250 ## - EDITION STATEMENT | |
| Edition statement | 4th ed., rev. |
| 260 ## - PUBLICATION, DISTRIBUTION, ETC. | |
| Place of publication, distribution, etc. | London, |
| Name of publisher, distributor, etc. | Technical Press, |
| Date of publication, distribution, etc. | 1949. |
| 300 ## - PHYSICAL DESCRIPTION | |
| Extent | xi, 209 p. |
| Other physical details | illus. |
| Dimensions | 22 cm. |
| 526 ## - STUDY PROGRAM INFORMATION NOTE | |
| Program name | 0 |
| Interest level | 0 |
| Reading level | 0 |
| Title point value | 621_983000000000000_GAT |
| 650 #0 - SUBJECT ADDED ENTRY--TOPICAL TERM | |
| Topical term or geographic name entry element | Jigs and fixtures. |
| 9 (RLIN) | 42053 |
| 650 #0 - SUBJECT ADDED ENTRY--TOPICAL TERM | |
| Topical term or geographic name entry element | Machine-tools. |
| 9 (RLIN) | 25078 |
| 650 #0 - SUBJECT ADDED ENTRY--TOPICAL TERM | |
| Topical term or geographic name entry element | MCE |
| 9 (RLIN) | 379 |
| 650 #0 - SUBJECT ADDED ENTRY--TOPICAL TERM | |
| Topical term or geographic name entry element | Mechanical drawing. |
| 942 ## - ADDED ENTRY ELEMENTS (KOHA) | |
| Source of classification or shelving scheme | |
| Koha item type | Book |
| Withdrawn status | Lost status | Source of classification or shelving scheme | Damaged status | Not for loan | Permanent Location | Current Location | Date acquired | Total Checkouts | Full call number | Barcode | Date last seen | Price effective from | Koha item type |
|---|---|---|---|---|---|---|---|---|---|---|---|---|---|
| Military College of Engineering (MCE) | Military College of Engineering (MCE) | 06/02/2014 | 621.983 GAT | MCE-40898 | 06/02/2014 | 03/14/2021 | Book |
